000 00384nam a22001697a 4500
003 MPLRDC
005 20220104144449.0
008 210129b ||||| |||| 00| 0 eng d
082 _a848.1 LX-75
100 _a茅盾等著
245 _a鲁迅论
_c
250 _a初版
260 _a
_b启新书局
_c1964
300 _b
650 _a现代别集
942 _cBK
_o848.1 LX-75
999 _c49858
_d49848